GenZ quiz (deutsch) - Statistiken

Allgemein
  • Dieses Quiz wurde 59 mal gespielt
  • Das Durchschnittsergebnis liegt bei 7 aus 27
Antwortstatistiken
Hint Antwort % Korrekt
Ausstrahlung Aura
71%
beschreibt einen Zustand intensiver se*ueller Erregung und Fixierung auf cornografische Inhalte, oft kombiniert mit exzessivem Konsum (stundenlanges Anschauen) Goonen
64%
Charme Rizz
49%
Ausruf, wenn jemand einen auffälligen Hintern sieht Gyatt
47%
Eine App die du löschen solltest Tiktok
44%
Viel reden, labern yappen
44%
Ein Versuch, jemanden wütend zu machen, damit du und deine Freunde über ihn lachen könnt Ragebait
40%
Berliner Musikerin die viel Hate (vor allem von Männern) bekommt aber eigentlich MUTTER ist Ikkimel
36%
Eine Person (meist weiblich), die sich übertrieben beschwert oder privilegiert auftritt eine Kerstin, Karen
33%
TikTok-Persönlichkeit, die durch ihre Tanzvideos bekannt wurde und scheinbar seit 2 Jahren 14 ist Zahide
33%
Etwas wovor sich die GenZ extrem fürchtet und kollektiv dagegen anstrebt Arbeiten (9-5)
31%
deine Interessen exklusiv halten, um sie davor zu schützen, ‚mainstream‘ zu werden gatekeeping
31%
Adjektiv für eine Person, die ruhig, entspannt wirkt, oft auch in Situationen, die andere nervös machen würden (dreadheads) nonchalant
22%
Berliner Ubahnlinie die man vermeiden sollte U8
20%
Indiz, dass ein Mann performativ ist Feminist,trinkt Matcha, Moustache u.o. Mullet, liebt Katzen, hat "Angst" vor Frauen, hört Lana del Rey,
18%
Wort das für jemanden verwendet wird, der alt, unmodern und nicht auf dem neusten Stand ist unc
18%
Influencerin die scheinbar alles macht, ausser duschen WoIstLena
18%
Wenn man eine romantische oder se*uelle Gelegenheit mit jemandem bekommt und sie irgendwie vermasselt-> er hat eine baddie ........ gefumbled
16%
Etwas oder Jemanden overhypen glazen
13%
ist als Twitch-Streamer und Musikproduzent aktiv und spielt eine zentrale Rolle im Umfeld des Rappers Zackavelli Marli
13%
Wird benutzt, um etwas zu beschreiben, das sehr spezifisch und oft nur für bestimmte Communities oder Internet-Bubbles relevant ist Niche
9%
Erfolg oder Misserfolg (gut oder schlecht) W oder L
9%
Geschlechtsverkehr mit einer Frau haben-> "ich habe sie ge...." drückt
7%
Beschreibung für einen Freund Twin,Zwilling,
Brahski
7%
ein mysteriöser junger US-amerikanischer Underground-Hip-Hop-Twink Nettspend
4%
Die totesten Sneaker in ganz EU-West Panda dunks
4%
Dieser Typ, um den sich deine Freundin gesagt hat, dass du dir keine Sorgen machen sollst(US-Amerikaner) Duke Dennis
2%
Keine übereinstimmenden Quizze gefunden
Verteilung der Resultate
Anzahl Personen mit jedem Resultat
Perzentil nach korrekt beantworteten Fragen
Ihre Resultats-Entwicklung
Sie haben dieses Quiz noch nicht gespielt